Naipes estilo español plastificados lavables [juego].

Guardado en:
Formato: Objeto Físico
Publicado: Argentina : Celuplastic, 2011
Materias:
Etiquetas: Agregar Etiqueta
Sin Etiquetas, Sea el primero en etiquetar este registro!
LEADER 00460nrm a22001575a 4500
001 CEM.cems017547
008 130507s2011##################0###0#####d
005 20230912092932.0
245 0 0 |a Naipes estilo español plastificados lavables [juego]. 
260 |a Argentina :  |b Celuplastic,  |c 2011 
300 |a 40 naip.es 
082 0 4 |a A3 
653 |a Juego de cartas 
653 |a Naipes 
653 |a Naipes españoles 
859 |a CEMS  |b BIB. CEMS - Agricultura  |h A3  |i 1-2  |p A0013.99  |t Ej.1